El punto (Registro nro. 59673)

Detalles MARC
000 -CABECERA
Longitud fija campo de control 01026nam a2200289 i 4500
003 - IDENTIFICADOR DEL NUMERO DE CONTROL
Identificador del número de control CO-BoRNBP
005 - FECHA Y HORA DE LA ULTIMA TRANSACCION
Fecha y hora de la última transacción 20251028204048.0
007 - CAMPO FIJO DE DESCRIPCION FISICA
Campo fijo de descripción física ta
008 - CODIGOS DE INFORMACION DE LONGITUD FIJA
Códigos de información de longitud fija 251028s2023 |||a|||| |||| 00| 0 spa d
020 ## - NUMERO INTERNACIONAL NORMALIZADO PARA LIBROS
Número Internacional Normalizado para Libros (ISBN) 9788427241954
040 ## - FUENTE DE LA CATALOGACION
Centro catalogador de origen CO-BoRNBP
Lengua de catalogación spa
Centro transcriptor CO-BoRNBP
Normas de descripción rda
041 ## - CODIGO DE LENGUA
Código de lengua del texto/banda sonora o título independiente spa
084 ## - Clasificación Local Alfanúmerica PNLB
Número de clasificación C REY
100 1# - PUNTO DE ACCESO PRINCIPAL-NOMBRE DE PERSONA
Nombre de persona Reynolds, Peter H,
Término indicativo de función autor
245 13 - TITULO PROPIAMENTE DICHO
Título El punto
Resto del título El clásico que nos recuerda que todo es empezar. Porque donde hay un punto, hay un camino.
Mención de responsabilidad, etc. Peter H. Reynolds; adaptación, Esther Rubio Muñoz.
250 ## - MENCION DE EDICION
Mención de edición Primera edición
264 #4 - PRODUCCION, PUBLICACION , DISTRIBUCION, FABRICACION Y COPYRIGHT
Lugar de producción, publicación, distribución, fabricación Barcelona, España
Nombre del productor, editor, distribuidor, fabricante Penguin Random House Grupo Editorial
Fecha de de producción, publicación, distribución, fabricación o copyright ©2023
300 ## - DESCRIPCION FISICA
Extensión 32 páginas sin numerar,
Otras características físicas ilustraciones a color, tapa dura
Dimensiones 26 cm
336 ## - TIPO DE CONTENIDO
Fuente rdacontenido
Término de tipo de contenido texto
Código de tipo de contenido txt
337 ## - TIPO DE MEDIO
Fuente rdamedio
Nombre del tipo de medio sin mediación
Código del tipo de medio n
338 ## - TIPO DE SOPORTE
Fuente rdasoporte
Nombre del tipo de soporte volumen
Código del tipo de soporte nc
490 ## - MENCION DE SERIE
Mención de serie Bosques para todos para siempre
650 17 - PUNTO DE ACCESO ADICIONAL DE MATERIA - TERMINO DE MATERIA
Fuente del encabezamiento ARMARC
Término de materia o nombre geográfico como elemento inicial Literatura infantil
650 17 - PUNTO DE ACCESO ADICIONAL DE MATERIA - TERMINO DE MATERIA
Fuente del encabezamiento ARMARC
Término de materia o nombre geográfico como elemento inicial Cuento infantil
942 ## - ENTRADA DE ELEMENTOS AGREGADOS (KOHA)
Fuente de clasificaión o esquema Dewey Decimal Classification
Koha [por defecto] tipo de item Libro Infantil
Existencias
Perdido Fuente de clasificación o esquema Estado Físico No para préstamo Forma de adquisición Localización permanente Localización actual Localización en estanterías Fecha adquisición Préstamos totales Signatura completa Código de barras Fecha última consulta Número de copia Fecha del precio de reemplazo Tipo de item de Koha Fuente de adquisición Calificador de ubicación codificada
  Dewey Decimal Classification     Infantil Biblioteca Pública Dorado Biblioteca Pública Dorado Sala Infantil 02/17/2026   C REY DOR03298 02/17/2026 Ej.1 02/17/2026 Libro Infantil    
  Dewey Decimal Classification     Infantil Biblioteca Pública José Eustasio Rivera - San Martin Biblioteca Pública José Eustasio Rivera - San Martin Sala Infantil 03/11/2026   C REY SM04513 03/11/2026 Ej.1 03/11/2026 Libro Infantil    
  Dewey Decimal Classification     Infantil Biblioteca Pública Puerto López - Jorge Eliecer Gaitán Biblioteca Pública Puerto López - Jorge Eliecer Gaitán Sala Infantil 03/11/2026   C REY PLZ01802 03/11/2026 Ej.1 03/11/2026 Libro Infantil    
  Dewey Decimal Classification     Sala Infantil Segundo Piso Biblioteca Pública Germán Arciniegas - Villavicencio Biblioteca Pública Germán Arciniegas - Villavicencio Sala Infantil 07/16/2025   C REY 33544 02/26/2026 Ej.1 02/26/2026 Libro Infantil    
  Dewey Decimal Classification       Biblioteca Pública Granada - Boca del Monte Biblioteca Pública Granada - Boca del Monte Sala Infantil 12/09/2025   C REY GRDA00525 12/09/2025 Ej.1 12/09/2025 Libro Infantil    
  Dewey Decimal Classification     Infantil Biblioteca Pública Guamal Biblioteca Pública Guamal Sala Infantil 10/28/2025   C REY GUA004913 10/28/2025 Ej.1 10/28/2025 Libro Infantil    
  Dewey Decimal Classification     Infantil Biblioteca Pública Rural El Yarí- vereda Playa Rica La Macarena Biblioteca Pública Rural El Yarí- vereda Playa Rica La Macarena Sala Infantil 04/20/2026   C REY 9788427241954 05/05/2026 Ej.1 05/05/2026 Libro Infantil ministerio de cultura 9788427241954









Instituto Departamental de Cultura del Meta - Red Departamental de Bibliotecas Públicas del Meta.